Science Quiz

Random Science or Numbers Quiz

Bizz! Buzz! Zap! (Electrical Minefield) Quiz Stats

 Plays Quiz Updated Jan 11, 2019

Support Sporcle.
Go Orange.
Score 0/105 Timer 04:00
9 Plays Today
# Number % Correct
1???
95.5%
2???
95.3%
3???
78.5%
4???
74.9%
5???
73.2%
6???
52.7%
7???
48.5%
9???
48.4%
8???
45.7%
12???
44.4%
10???
44.2%
11???
41.6%
13???
40.1%
15???
38.8%
14???
37.5%
18???
36.9%
21???
35%
20???
34.6%
17???
34%
16???
34%
24???
33.1%
19???
33%
25???
31.8%
22???
30.8%
23???
30.8%
27???
29.4%
26???
28.4%
30???
26.8%
28???
25.3%
33???
24.8%
29???
23%
31???
22.6%
35???
22.4%
36???
22.2%
32???
21.8%
# Number % Correct
39???
21.1%
34???
20.6%
42???
20.2%
40???
20.1%
45???
19.5%
37???
18.8%
38???
18.4%
48???
17.7%
41???
17.1%
43???
16.4%
50???
16.3%
44???
16.1%
49???
16%
46???
15.2%
47???
15.2%
51???
15.2%
54???
14.4%
55???
13.7%
60???
12.8%
57???
12.2%
56???
12.1%
63???
11.8%
52???
11.7%
53???
11.7%
66???
10.8%
65???
10.6%
69???
10.3%
70???
10.3%
75???
10.1%
72???
9.8%
58???
8.9%
59???
8.9%
61???
8.6%
78???
8.5%
62???
8.3%
# Number % Correct
84???
8.3%
80???
8.2%
81???
8.1%
64???
8.1%
77???
8.1%
90???
7.7%
67???
7.6%
68???
7.4%
85???
7.4%
87???
7.1%
71???
7%
73???
6.6%
74???
6.5%
105???
6.3%
93???
6.2%
76???
6.1%
95???
6%
96???
5.9%
79???
5.6%
100???
5.5%
99???
5.5%
91???
5.4%
102???
5.2%
82???
5%
83???
5%
98???
4.6%
86???
4.5%
88???
4.1%
89???
4.1%
92???
3.4%
94???
3.2%
97???
3%
101???
2.6%
103???
2.5%
104???
2.4%

From the Vault

Go with the Flow: Asia

by GeoEarthling

Geography 2.5m
Yeah we just go with the flow and let things happen to us. It's not very efficient.
Remove Ads.
Support Sporcle.
Get the best of Sporcle when you Go Orange. This ad-free experience offers more features, more stats, and more fun while also helping to support Sporcle. Thank you for becoming a member.

Show Comments

Extras

Top Quizzes Today


Score Distribution

Your Account Isn't Verified!

In order to create a playlist on Sporcle, you need to verify the email address you used during registration. Go to your Sporcle Settings to finish the process.

Report this User

Report this user for behavior that violates our Community Guidelines.

Details: